Participantes do BBB22 - Statistics

Estatísticas Gerais
  • Esse quiz foi jogado 308 vezes
    254 desde o último reset
  • A pontuação média é 17 de 22
Estatísticas das Respostas
Hint Resposta % Correto
Camarote Arthur Aguiar
96%
Camarote Jade Picon
93%
Camarote Paulo André
91%
Camarote Pedro Scooby
86%
Casa de Vidro Gustavo
84%
Casa de Vidro Larissa
84%
Camarote Douglas Silva
82%
Pipoca Eliezer
82%
Pipoca Natália
82%
Pipoca Eslovênia
80%
Pipoca Laís
80%
Camarote Linn da Quebrada
80%
Pipoca Bárbara
77%
Pipoca Lucas
75%
Pipoca Jessilane
74%
Pipoca Vinicius
74%
Camarote Maria
73%
Camarote Tiago Abravanel
73%
Camarote Naiara Azevedo
69%
Pipoca Luciano
65%
Pipoca Rodrigo
65%
Camarote Brunna Gonçalves
54%
Nenhum quiz correspondente encontrado
Distribuição das Pontuações
Porcentagem de Pessoas com Cada Pontuação
Percentil de Números Respondidos
Sua Pontuação Histórica
Você não jogou esse quiz desde o último reset